000 00455nam a2200169Ia 4500
003 GCL
008 140319s9999 xx 000 0 eng d
040 _aGCL /
_cGCL
082 0 4 _a616.89
_bC A
100 1 _aCARSON, ROBERT
245 1 0 _aABNORMAL PSYCHOLOGY AND MODERN LIFE /
_cCARSON, ROBERT
700 1 _aMINEKA, SUSAN
260 _a[S.N] :
_bHARPER COLLINS COLLEGE PUBLISBERS ،
_c1995
300 _a699 P
650 0 4 _aPSYCHIATRY
942 _2ddc
_cBK
999 _c10652
_d10652